Les investissements de portefeuille entre la France et l'étranger.

Vývoj postavenia Francúzska voči zahraničiu. Zahraničné cenné papiere vo francúzskych rukách. Zahraničné akcie a obligácie. Cenné papiere rezidentov vo francúzskych hodnotách. Francúzske akcie a obligácie nerezidentov. (Banque de France 1991, č. 91.).

Na minha lista:
Detalhes bibliográficos
Formato: Capítulo de Livro
Idioma:francês
Assuntos:
Tags: Adicionar Tag
Sem tags, seja o primeiro a adicionar uma tag!

MARC

LEADER 00000naa a2200000 4500
001 r004538
005 20221125091627.6
041 0 |a fre 
044 |a FR 
245 1 0 |a Les investissements de portefeuille entre la France et l'étranger. 
520 |a Vývoj postavenia Francúzska voči zahraničiu. Zahraničné cenné papiere vo francúzskych rukách. Zahraničné akcie a obligácie. Cenné papiere rezidentov vo francúzskych hodnotách. Francúzske akcie a obligácie nerezidentov. (Banque de France 1991, č. 91.). 
610 2 0 |a papiere cenné 
610 2 0 |a investície 
610 2 0 |a Francúzsko 
610 2 0 |a akcie 
610 2 0 |a rezidenti